Hodnotenie finančnej stability vybraného podniku bakalárska práca

Guardado en:
Detalles Bibliográficos
Autor principal: Joža, Jozef
Autor Corporativo: Fakulta podnikového manažmentu EU. Katedra podnikových financií
Otros Autores: Tóthová, Alena, 1968-
Formato: Libro
Lenguaje:eslovaco
Publicado: Bratislava 2022
Etiquetas: Agregar Etiqueta
Sin Etiquetas, Sea el primero en etiquetar este registro!

MARC

LEADER 00000nbm a2200000 4500
001 0285363
005 20230223105050.2
041 0 |a slo 
044 |a SK 
245 1 0 |a Hodnotenie finančnej stability vybraného podniku  |b bakalárska práca  |c Jozef Joža ; školiteľ: Alena Tóthová 
264 1 |a Bratislava  |c 2022 
300 |a 57 s. 
100 1 |a Joža, Jozef 
700 1 |a Tóthová, Alena, 1968- 
710 2 |a Fakulta podnikového manažmentu EU. Katedra podnikových financií